[Event "Oberliga Baden 2223"]
[Site "Germany"]
[Date "2023.02.05"]
[Round "6.6"]
[White "Wehner, Roland"]
[Black "Kountz, Jochen"]
[Result "1/2-1/2"]
[WhiteElo "2275"]
[BlackElo "2284"]
[PlyCount "202"]
[EventDate "2022.09.18"]
[EventType "team-tourn"]
[EventRounds "9"]
[EventCountry "GER"]
[SourceTitle "EXT 2024"]
[Source "ChessBase"]
[SourceDate "2023.10.10"]
[SourceVersion "1"]
[SourceVersionDate "2023.10.10"]
[SourceQuality "1"]
[WhiteTeam "Ettlingen"]
[BlackTeam "Untergrombach"]
[WhiteTeamCountry "GER"]
[BlackTeamCountry "GER"]

1. e4 c5 2. c3 g6 3. d4 cxd4 4. cxd4 d5 5. exd5 Nf6 6. Nc3 Bg7 7. Bc4 0-0 8. Nf3 Nbd7 9. 0-0 Nb6 10. Bb3 Nbxd5 11. Re1 b6 12. Ne5 Bb7 13. Bg5 Rc8 14. Qf3 Ba8 15. Qh3 Nxc3 16. bxc3 Rc7 17. Rad1 Qc8 18. Qxc8 Rcxc8 19. Bxf6 Bxf6 20. Nd7 Rfe8 21. Nxf6+ exf6 22. d5 Kf8 23. c4 Rxe1+ 24. Rxe1 Re8 25. Rxe8+ Kxe8 26. f4 Ke7 27. Kf2 Kd6 28. Ba4 Bb7 29. Ke3 Kc5 30. Be8 Bc8 31. Bxf7 Bf5 32. Kd2 Be4 33. g3 Bg2 34. Kc3 Bf1 35. a4 Be2 36. h4 Bf1 37. g4 h6 38. g5 fxg5 39. fxg5 hxg5 40. hxg5 Be2 41. Bxg6 Bxc4 42. Bc2 Bxd5 43. g6 a6 44. g7 Bg8 45. Bb3 Bh7 46. Bc2 Bg8 47. Bb3 Bh7 48. Bc4 b5 49. Bd3 Bg8 50. a5 Bf7 51. Bc2 Bg8 52. Bb3 Bh7 53. Bc2 Bg8 54. Bd3 Bf7 55. Kd2 Kb4 56. Ke3 Kxa5 57. Kd4 Kb4 58. Bf5 Bg8 59. Ke5 Kc3 60. Be6 Bh7 61. Bf5 Bg8 62. Be6 Bh7 63. Kf6 b4 64. Bf5 Bg8 65. Be6 Bh7 66. Bf5 Bg8 67. Be6 Bh7 68. Kf7 b3 69. Bf5 Bxf5 70. g8Q b2 71. Qg7+ Kb3 72. Qg3+ Ka2 73. Qf2 a5 74. Kf6 Bd3 75. Qd4 b1Q 76. Qa4+ Kb2 77. Qxa5 Qf1+ 78. Ke7 Qe2+ 79. Kd8 Bb5 80. Qb4+ Kc2 81. Qc5+ Bc4 82. Kc7 Qe4 83. Kb6 Kb3 84. Kc7 Qh7+ 85. Kb6 Qg6+ 86. Qc6 Qf7 87. Qc7 Qe6+ 88. Qc6 Qe7 89. Qb7 Qd6+ 90. Qc6 Qb4+ 91. Kc7 Qe7+ 92. Qd7 Qe3 93. Qd1+ Kb4 94. Qd6+ Ka5 95. Kb7 Qe4+ 96. Ka7 Qh7+ 97. Kb8 Qg8+ 98. Ka7 Qf7+ 99. Kb8 Kb5 100. Qc7 Qe8+ 101. Qc8 Qxc8+ 1/2-1/2

[Event "Oberliga Baden 2223"]
[Site "Germany"]
[Date "2022.10.09"]
[Round "2.6"]
[White "Wehner, Roland"]
[Black "Bloessl, Walter"]
[Result "0-1"]
[WhiteElo "2275"]
[BlackElo "2026"]
[PlyCount "52"]
[EventDate "2022.09.18"]
[EventType "team-tourn"]
[EventRounds "9"]
[EventCountry "GER"]
[SourceTitle "EXT 2024"]
[Source "ChessBase"]
[SourceDate "2023.10.10"]
[SourceVersion "1"]
[SourceVersionDate "2023.10.10"]
[SourceQuality "1"]
[WhiteTeam "Ettlingen"]
[BlackTeam "Ladenburg"]
[WhiteTeamCountry "GER"]
[BlackTeamCountry "GER"]

1. e4 d6 2. d4 g6 3. Nf3 Bg7 4. h3 Nf6 5. Bd3 0-0 6. 0-0 Nc6 7. Re1 e5 8. c3 Nh5 9. Bf1 Nf4 10. Na3 g5 11. dxe5 Nxe5 12. Nxe5 Bxe5 13. Nc4 Qf6 14. Bxf4 gxf4 15. Qh5 Kh8 16. Nxe5 dxe5 17. Bc4 b5 18. Bb3 a5 19. Rad1 a4 20. Bd5 Ra6 21. c4 Qg7 22. Bxf7 Rh6 23. Qf3 Rxh3 24. Qh5 Rxh5 25. Bxh5 Bh3 26. Bf3 Bxg2 0-1

[Event "Oberliga Baden 2122"]
[Site "Germany"]
[Date "2021.11.14"]
[Round "3.4"]
[White "Wehner, Roland"]
[Black "Schmaltz, Roland"]
[Result "1/2-1/2"]
[WhiteElo "2263"]
[BlackElo "2463"]
[PlyCount "86"]
[EventDate "2021.10.10"]
[EventType "team-tourn"]
[EventRounds "11"]
[EventCountry "GER"]
[SourceTitle "EXT 2023"]
[Source "ChessBase"]
[SourceDate "2022.10.05"]
[SourceVersion "1"]
[SourceVersionDate "2022.10.05"]
[SourceQuality "1"]
[WhiteTeam "Ettlingen"]
[BlackTeam "Baden-Baden III"]
[WhiteTeamCountry "GER"]
[BlackTeamCountry "GER"]

1. e4 c5 2. Nf3 d6 3. c3 Nf6 4. Be2 Nbd7 5. d3 b6 6. 0-0 Bb7 7. Re1 g6 8. Nbd2 Bg7 9. Bf1 0-0 10. d4 e6 11. b4 Qc7 12. Bb2 Rac8 13. Rc1 Bh6 14. Bd3 Rfd8 15. Rc2 d5 16. e5 Ne4 17. Nxe4 dxe4 18. Bxe4 Bxe4 19. Rxe4 cxd4 20. c4 Bg7 21. Rce2 Qxc4 22. Rxd4 Nf8 23. Rxd8 Rxd8 24. Qxd8 Qxe2 25. Qd2 Qe4 26. a3 h6 27. h4 b5 28. Qd4 Qb1+ 29. Kh2 a6 30. Nd2 Qc2 31. Ne4 Nd7 32. f4 Qc6 33. Kg3 Bf8 34. Nf6+ Nxf6 35. exf6 Bd6 36. Qc3 Qe4 37. Qf3 Qe1+ 38. Kh3 Kh7 39. Qb7 Kg8 40. Qa8+ Kh7 41. Qb7 Qh1+ 42. Kg3 Qe1+ 43. Kh3 Qh1+ 1/2-1/2

[Event "Oberliga Baden 2122"]
[Site "Germany"]
[Date "2021.10.24"]
[Round "2.6"]
[White "Wehner, Roland"]
[Black "Reinhardt, Bernd"]
[Result "1-0"]
[WhiteElo "2263"]
[BlackElo "2132"]
[PlyCount "85"]
[EventDate "2021.10.10"]
[EventType "team-tourn"]
[EventRounds "11"]
[EventCountry "GER"]
[SourceTitle "EXT 2023"]
[Source "ChessBase"]
[SourceDate "2022.10.05"]
[SourceVersion "1"]
[SourceVersionDate "2022.10.05"]
[SourceQuality "1"]
[WhiteTeam "Ettlingen"]
[BlackTeam "Bad Mergentheim"]
[WhiteTeamCountry "GER"]
[BlackTeamCountry "GER"]

1. e4 d6 2. d4 Nf6 3. Nc3 e5 4. Nge2 Be7 5. h3 c6 6. Be3 Nbd7 7. g4 d5 8. exd5 Nxd5 9. Nxd5 cxd5 10. dxe5 Nxe5 11. Bg2 h5 12. gxh5 Qa5+ 13. Qd2 Qxd2+ 14. Bxd2 Bf5 15. Bc3 f6 16. 0-0-0 0-0-0 17. Rxd5 Rxd5 18. Bxd5 Rd8 19. Ng3 Bd7 20. Be4 Bc5 21. Rh2 Rh8 22. Bxe5 fxe5 23. Kd2 Rf8 24. Ke2 Rf4 25. f3 Be7 26. b3 b6 27. a4 Bf6 28. c4 a5 29. Rh1 Kc7 30. Nf1 Rh4 31. Ne3 Be6 32. Bd5 Bc8 33. Be4 Be6 34. Bg6 Kd6 35. Ng4 Bg5 36. Kf2 Bf4 37. Kg2 e4 38. Rd1+ Kc5 39. fxe4 Bxg4 40. hxg4 Rxg4+ 41. Kf3 Rh4 42. Rd5+ Kc6 43. e5 1-0

[Event "GER-chT Online Liga 1 GpD"]
[Site "Playchess.com INT"]
[Date "2021.02.08"]
[Round "3.2"]
[White "Wehner, Roland"]
[Black "Malek, Daniel"]
[Result "0-1"]
[WhiteElo "2250"]
[BlackElo "2348"]
[PlyCount "106"]
[EventDate "2021.01.18"]
[EventType "team-tourn (rapid)"]
[EventRounds "7"]
[EventCountry "GER"]
[SourceTitle "EXT 2022"]
[Source "ChessBase"]
[SourceDate "2021.10.06"]
[SourceVersion "1"]
[SourceVersionDate "2021.10.06"]
[SourceQuality "1"]
[WhiteTeam "Ettlingen"]
[BlackTeam "Zehlendorf"]
[WhiteTeamCountry "GER"]
[BlackTeamCountry "GER"]

1. Nf3 d5 2. g3 Nf6 3. Bg2 e6 4. b3 Be7 5. Bb2 0-0 6. 0-0 c5 7. c4 Nc6 8. e3 d4 9. exd4 cxd4 10. Re1 Ne8 11. d3 f6 12. Nbd2 e5 13. a3 a5 14. Qc2 Nc7 15. h3 Be6 16. Re2 Qd7 17. Kh2 Rfe8 18. Rae1 Bf8 19. g4 Ne7 20. Ne4 Ng6 21. Bc1 Rac8 22. Qb2 b5 23. g5 Kf7 24. Ng3 a4 25. gxf6 gxf6 26. h4 axb3 27. Qxb3 bxc4 28. dxc4 d3 29. Re3 Red8 30. h5 Nf4 31. Rxe5 Nxg2 32. Kxg2 Qc6 33. R5e4 Kg8 34. Rd1 Na6 35. Be3 Bxc4 36. Qb6 Bd5 37. Rg4+ Kf7 38. Qxc6 Bxc6 39. Bd4 Nc5 40. Rf4 Be7 41. Bxc5 Bxc5 42. Ne4 Bxa3 43. Ne5+ Ke7 44. Nxc6+ Rxc6 45. Kf3 Re6 46. Ke3 Bc5+ 47. Kf3 Bb6 48. Rb1 Rd4 49. Rxf6 Rdxe4 50. Rxb6 Rxf6+ 51. Rxf6 Kxf6 52. Kxe4 d2 53. Ke3 d1Q 0-1

[Event "DSOL 01 Liga Gr-B 1st"]
[Site "Playchess.com INT"]
[Date "2020.08.05"]
[Round "7.2"]
[White "Pfrengle, Tim"]
[Black "Wehner, Roland"]
[Result "1-0"]
[WhiteElo "2108"]
[BlackElo "2194"]
[PlyCount "57"]
[EventDate "2020.06.22"]
[EventType "team-tourn (rapid)"]
[EventCountry "GER"]
[SourceTitle "EXT 2021"]
[Source "ChessBase"]
[SourceDate "2020.10.23"]
[SourceVersion "1"]
[SourceVersionDate "2020.10.23"]
[SourceQuality "1"]
[WhiteTeam "Kastellaun"]
[BlackTeam "Ettlingen"]
[WhiteTeamCountry "GER"]
[BlackTeamCountry "GER"]

1. d4 d6 2. Nc3 g6 3. e4 Nf6 4. Bf4 a6 5. Qd2 b5 6. f3 Bb7 7. 0-0-0 Nbd7 8. g4 c5 9. d5 h6 10. h4 Bg7 11. Nh3 c4 12. Be3 b4 13. Nb1 c3 14. bxc3 bxc3 15. Qxc3 Rc8 16. Qb2 Qc7 17. Bd4 Ne5 18. Be2 0-0 19. Na3 Rb8 20. Qc3 Qd7 21. Bxe5 dxe5 22. Nc4 Rfc8 23. Qa5 Ba8 24. d6 exd6 25. Rxd6 Qa7 26. Rhd1 Rxc4 27. Bxc4 Qe3+ 28. R6d2 Bxe4 29. Bb3 1-0

[Event "GER Cup Net Final-A U2400"]
[Site "Playchess.com INT"]
[Date "2020.06.06"]
[Round "4"]
[White "Arnold, Max"]
[Black "Wehner, Roland"]
[Result "1-0"]
[WhiteElo "2127"]
[BlackElo "2016"]
[PlyCount "47"]
[EventDate "2020.06.06"]
[EventType "swiss (blitz)"]
[EventRounds "13"]
[EventCountry "GER"]
[SourceTitle "CBM 197 Extra"]
[Source "ChessBase"]
[SourceDate "2020.09.30"]
[SourceVersion "1"]
[SourceVersionDate "2020.09.30"]
[SourceQuality "1"]

1. e4 g6 2. d4 Bg7 3. Nc3 c6 4. f4 d5 5. e5 h5 6. Nf3 Nh6 7. Be3 Bf5 8. h3 Nd7 9. Be2 Qb6 10. Na4 Qc7 11. 0-0 e6 12. b3 b5 13. Nb2 a6 14. c4 0-0 15. Qd2 bxc4 16. bxc4 Rfb8 17. Rfc1 Qb6 18. Nd3 Bf8 19. a4 a5 20. cxd5 cxd5 21. Nc5 Nxc5 22. dxc5 Qb2 23. Bb5 Be4 24. Qxb2 1-0

[Event "GER Cup Net Final-A U2400"]
[Site "Playchess.com INT"]
[Date "2020.06.06"]
[Round "7"]
[White "Gungl, Theo"]
[Black "Wehner, Roland"]
[Result "1-0"]
[WhiteElo "2130"]
[BlackElo "2016"]
[PlyCount "119"]
[EventDate "2020.06.06"]
[EventType "swiss (blitz)"]
[EventRounds "13"]
[EventCountry "GER"]
[SourceTitle "CBM 197 Extra"]
[Source "ChessBase"]
[SourceDate "2020.09.30"]
[SourceVersion "1"]
[SourceVersionDate "2020.09.30"]
[SourceQuality "1"]

1. d4 d6 2. c4 e5 3. Nf3 exd4 4. Nxd4 g6 5. Nc3 Bg7 6. e3 Nc6 7. Be2 Nf6 8. 0-0 0-0 9. b3 Nxd4 10. exd4 d5 11. c5 Re8 12. Bf3 c6 13. Bg5 h6 14. Bh4 Bf5 15. Qd2 g5 16. Bg3 Ne4 17. Bxe4 Bxe4 18. Rfe1 Bg6 19. b4 Qd7 20. Bd6 Rxe1+ 21. Rxe1 Re8 22. Rxe8+ Qxe8 23. Qe3 f5 24. g3 Qxe3 25. fxe3 Kf7 26. Kf2 Ke6 27. a4 Bf6 28. b5 Be8 29. Bb8 a6 30. b6 Bh5 31. Ke1 Kf7 32. Nb1 Bf3 33. Nd2 Be4 34. Nb3 Bc2 35. Na5 Bxa4 36. Nxb7 Ke8 37. Nd6+ Kd7 38. b7 Bd8 39. Ba7 Ba5+ 40. Kf2 Bc7 41. b8Q Bxb8 42. Bxb8 Bc2 43. Ba7 a5 44. Ke1 a4 45. Kd2 Bb3 46. Kc3 Bd1 47. Kb4 Ke6 48. Bb8 h5 49. Bc7 h4 50. Bd8 hxg3 51. hxg3 g4 52. Bg5 Bc2 53. Nb7 Bd1 54. Nd8+ Kd7 55. Nf7 Ke6 56. Ne5 f4 57. Bxf4 Kf5 58. Nxc6 Ke4 59. Ne7 Bb3 60. c6 1-0

[Event "GER Cup Net Final-A U2400"]
[Site "Playchess.com INT"]
[Date "2020.06.06"]
[Round "3"]
[White "Wehner, Roland"]
[Black "Baskin, Robert"]
[Result "0-1"]
[WhiteElo "2016"]
[BlackElo "2208"]
[PlyCount "124"]
[EventDate "2020.06.06"]
[EventType "swiss (blitz)"]
[EventRounds "13"]
[EventCountry "GER"]
[SourceTitle "CBM 197 Extra"]
[Source "ChessBase"]
[SourceDate "2020.09.30"]
[SourceVersion "1"]
[SourceVersionDate "2020.09.30"]
[SourceQuality "1"]

1. Nf3 f5 2. d4 Nf6 3. c4 g6 4. Nc3 Bg7 5. g3 0-0 6. Bg2 d6 7. 0-0 c6 8. b3 Na6 9. Bb2 Qc7 10. Re1 e5 11. dxe5 dxe5 12. e4 f4 13. Qe2 Bg4 14. h3 Bxf3 15. Bxf3 Nc5 16. gxf4 Ne6 17. fxe5 Nd7 18. Bg4 Nf4 19. Qe3 Nxe5 20. Rad1 h5 21. Ne2 Nxg4 22. hxg4 Bxb2 23. Nxf4 Qxf4 24. Qxf4 Rxf4 25. gxh5 gxh5 26. Rd7 Rf7 27. Red1 Raf8 28. Rxf7 Rxf7 29. Kg2 Be5 30. Rh1 Rg7+ 31. Kf3 Rg5 32. Ke3 Kg7 33. Rh3 Bc7 34. f4 Rg4 35. e5 Kg6 36. Ke4 h4 37. c5 Kh5 38. Kf5 Rg3 39. Rh1 h3 40. Rd1 h2 41. Rd7 Kh6 42. Rxc7 h1Q 43. Rxb7 Qh5+ 44. Kf6 Rg6+ 45. Ke7 Qh4+ 46. Ke8 Rg8+ 47. Kd7 Rg7+ 48. Kc8 Rxb7 49. Kxb7 Qxf4 50. e6 Qf6 51. Kxc6 Qxe6+ 52. Kb7 Kg6 53. c6 Qd5 54. b4 Kf6 55. a4 a6 56. Kb6 Ke7 57. b5 axb5 58. axb5 Kd8 59. Ka6 Kc7 60. b6+ Kxc6 61. b7 Qb5+ 62. Ka7 Qxb7# 0-1

[Event "GER Cup Net Final-A U2400"]
[Site "Playchess.com INT"]
[Date "2020.06.06"]
[Round "13"]
[White "Wehner, Roland"]
[Black "Braun, Georg"]
[Result "1-0"]
[WhiteElo "2016"]
[BlackElo "2118"]
[PlyCount "199"]
[EventDate "2020.06.06"]
[EventType "swiss (blitz)"]
[EventRounds "13"]
[EventCountry "GER"]
[SourceTitle "CBM 197 Extra"]
[Source "ChessBase"]
[SourceDate "2020.09.30"]
[SourceVersion "1"]
[SourceVersionDate "2020.09.30"]
[SourceQuality "1"]

1. e4 Nf6 2. Nc3 d5 3. exd5 Nxd5 4. Bc4 Nxc3 5. bxc3 Nd7 6. d4 e6 7. Nf3 Be7 8. 0-0 0-0 9. Re1 b6 10. Bf4 Bb7 11. Qe2 Bd6 12. Bg3 Bxg3 13. hxg3 Qf6 14. Rad1 Rfd8 15. Ba6 Bd5 16. c4 Bxf3 17. Qxf3 Qxf3 18. gxf3 c5 19. d5 exd5 20. cxd5 Kf8 21. c4 Nf6 22. f4 Ne8 23. Kg2 Nd6 24. Kf3 Re8 25. Re5 f6 26. Re3 Nf5 27. Rxe8+ Rxe8 28. Bb5 Rd8 29. Ke4 Nd6+ 30. Kf3 a6 31. Bxa6 Ra8 32. Bb5 Ra3+ 33. Kg2 Rxa2 34. Re1 Ra8 35. Re6 Rd8 36. Kf3 Kf7 37. Ba6 h5 38. Kg2 Kg6 39. Kh3 Kf5 40. f3 Rd7 41. Kh4 g5+ 42. fxg5 fxg5+ 43. Kh3 Rd8 44. Kg2 h4 45. g4+ Kf4 46. Rf6+ Ke3 47. Re6+ Kd4 48. Rg6 Nf7 49. Rxb6 Re8 50. Re6 Rb8 51. Re4+ Kd3 52. Re7 Rb2+ 53. Kh3 Nd6 54. Re6 Rb6 55. Bb5 Kd4 56. Rg6 Nxc4 57. Rxb6 Nxb6 58. d6 Nd5 59. d7 Nf4+ 60. Kh2 Ne6 61. Kg2 Ke3 62. Bc4 Nd8 63. Ba2 Kf4 64. Bd5 Ke5 65. Ba2 Kd6 66. Kh3 Kxd7 67. f4 gxf4 68. Kxh4 Ne6 69. g5 Nd4 70. Kg4 f3 71. Kg3 Ke7 72. Bd5 Kf8 73. Bxf3 Kg7 74. Bd5 Kg6 75. Kf4 Ne2+ 76. Ke3 Nd4 77. Kf4 Ne2+ 78. Kg4 Nd4 79. Be4+ Kf7 80. Bd5+ Kg7 81. Kf4 Kg6 82. Be4+ Kh5 83. g6 Kh6 84. Ke5 Nf3+ 85. Kf6 Nd2 86. g7 Nxe4+ 87. Kf7 Nd6+ 88. Kf8 c4 89. g8Q Nf5 90. Qe6+ Kg5 91. Qxc4 Kf6 92. Qa6+ Ke5 93. Kf7 Nd6+ 94. Ke7 Nf5+ 95. Kd7 Nd4 96. Qa5+ Ke4 97. Qe1+ Kd5 98. Qe3 Nf5 99. Qe6+ Kd4 100. Qxf5 1-0

[Event "GER Cup Net Final-A U2400"]
[Site "Playchess.com INT"]
[Date "2020.06.06"]
[Round "1"]
[White "Wehner, Roland"]
[Black "Thiede, Lars"]
[Result "0-1"]
[WhiteElo "2016"]
[BlackElo "2139"]
[PlyCount "34"]
[EventDate "2020.06.06"]
[EventType "swiss (blitz)"]
[EventRounds "13"]
[EventCountry "GER"]
[SourceTitle "CBM 197 Extra"]
[Source "ChessBase"]
[SourceDate "2020.09.30"]
[SourceVersion "1"]
[SourceVersionDate "2020.09.30"]
[SourceQuality "1"]

1. e4 d6 2. d4 Nf6 3. Nc3 e5 4. Nf3 Nc6 5. h3 exd4 6. Nxd4 Bd7 7. Be3 g6 8. a3 Bg7 9. Bc4 0-0 10. 0-0 Re8 11. f3 a6 12. Qd2 b5 13. Ba2 Qb8 14. Nd5 Ne5 15. Bg5 Nxd5 16. Bxd5 c6 17. Ba2 Nc4 0-1

[Event "GER Cup Net Final-A U2400"]
[Site "Playchess.com INT"]
[Date "2020.06.06"]
[Round "6"]
[White "Wehner, Roland"]
[Black "Vatter, Hans Joachim"]
[Result "1/2-1/2"]
[WhiteElo "2016"]
[BlackElo "2146"]
[PlyCount "121"]
[EventDate "2020.06.06"]
[EventType "swiss (blitz)"]
[EventRounds "13"]
[EventCountry "GER"]
[SourceTitle "CBM 197 Extra"]
[Source "ChessBase"]
[SourceDate "2020.09.30"]
[SourceVersion "1"]
[SourceVersionDate "2020.09.30"]
[SourceQuality "1"]

1. e4 d5 2. exd5 Qxd5 3. Nc3 Qd6 4. d4 c6 5. Nf3 Bg4 6. Bc4 e6 7. Be3 Nf6 8. h3 Bh5 9. g4 Bg6 10. Ne5 Nbd7 11. Nxg6 hxg6 12. Qe2 Nb6 13. Bb3 0-0-0 14. 0-0-0 Qc7 15. f4 Bb4 16. g5 Nfd5 17. Nxd5 exd5 18. c3 Bd6 19. Qg4+ Qd7 20. Qf3 Rde8 21. Kb1 Re7 22. Bc2 Rhe8 23. Bc1 Kb8 24. f5 gxf5 25. Bxf5 Qc7 26. h4 g6 27. Bc2 Nc4 28. Rhf1 Bg3 29. h5 gxh5 30. Qxh5 Bd6 31. Rf6 Qb6 32. b3 Na3+ 33. Bxa3 Bxa3 34. Rxf7 Re2 35. g6 Qa5 36. Qh7 Qb6 37. g7 a5 38. g8Q Rxg8 39. Qxg8+ Ka7 40. Qg3 a4 41. Qd3 axb3 42. axb3 Rf2 43. b4 Rxf7 44. Ka2 Bxb4 45. cxb4 Qxb4 46. Qa3+ Qxa3+ 47. Kxa3 b5 48. Kb4 Kb6 49. Rh1 Rf4 50. Kc3 Rf3+ 51. Bd3 b4+ 52. Kd2 c5 53. Rh6+ Kc7 54. dxc5 b3 55. Kc3 b2 56. Rb6 Rf2 57. Rxb2 Rxb2 58. Kxb2 Kc6 59. Kc3 Kxc5 60. Kd2 Kd4 61. Bf1 1/2-1/2

[Event "GER Cup Net V3 U2400"]
[Site "Playchess.com INT"]
[Date "2020.05.27"]
[Round "1"]
[White "Bausch, Thomas"]
[Black "Wehner, Roland"]
[Result "1-0"]
[WhiteElo "1831"]
[BlackElo "2018"]
[PlyCount "145"]
[EventDate "2020.05.27"]
[EventType "swiss (blitz)"]
[EventRounds "9"]
[EventCountry "GER"]
[SourceTitle "EXT 2021"]
[Source "ChessBase"]
[SourceDate "2020.10.23"]
[SourceVersion "1"]
[SourceVersionDate "2020.10.23"]
[SourceQuality "1"]

1. e4 e5 2. Nf3 Nf6 3. Nxe5 Nxe4 4. Qe2 Qe7 5. Qxe4 d6 6. d4 Nc6 7. f4 Bd7 8. Bc4 dxe5 9. dxe5 0-0-0 10. 0-0 f5 11. Qe2 Nd4 12. Qf2 Qc5 13. Bd3 h5 14. Be3 Bc6 15. c3 Nf3+ 16. gxf3 Qd5 17. Be2 Rh6 18. Na3 Bxa3 19. bxa3 h4 20. Rad1 Qf7 21. Rxd8+ Kxd8 22. h3 Qxa2 23. Bd3 Qxa3 24. Bxf5 Ke8 25. Bd4 Qa6 26. Qg2 Kf8 27. e6 Bb5 28. Qxg7+ Ke8 29. Qf7+ Kd8 30. Qf8+ Be8 31. Qxh6 Qe2 32. Qxh4+ Kc8 33. Qf2 Qc4 34. Re1 Qb5 35. Qe3 Qxf5 36. Kh2 Qc2+ 37. Re2 Qg6 38. e7 Kd7 39. Qe5 Qb1 40. Qd5+ Kc8 41. Qe6+ Kb8 42. Qg8 Qb5 43. Rg2 Qc6 44. h4 b6 45. h5 Kb7 46. Qg5 Qxf3 47. Qg4 Qe4 48. Rf2 Bc6 49. Kg3 Qh1 50. Rh2 Qe1+ 51. Kh3 Qf1+ 52. Kh4 Qe1+ 53. Kg5 Qxe7+ 54. Bf6 Qc5+ 55. f5 Qe3+ 56. Qf4 Qg1+ 57. Kh6 Qg8 58. Qg5 Qf8+ 59. Qg7 Qd6 60. Kg5 Qxh2 61. Be5 Qg2+ 62. Kf6 Qf3 63. Qxc7+ Ka6 64. h6 Be4 65. Qd7 Qh1 66. h7 Bc6 67. Qd3+ b5 68. Qd6 Ka5 69. Ke7 a6 70. h8Q Qxh8 71. Bxh8 Be4 72. Qb4+ Kb6 73. Qxe4 1-0

[Event "GER Cup Net V3 U2400"]
[Site "Playchess.com INT"]
[Date "2020.05.27"]
[Round "5"]
[White "Beesk, Kevin"]
[Black "Wehner, Roland"]
[Result "0-1"]
[WhiteElo "1845"]
[BlackElo "2018"]
[PlyCount "146"]
[EventDate "2020.05.27"]
[EventType "swiss (blitz)"]
[EventRounds "9"]
[EventCountry "GER"]
[SourceTitle "EXT 2021"]
[Source "ChessBase"]
[SourceDate "2020.10.23"]
[SourceVersion "1"]
[SourceVersionDate "2020.10.23"]
[SourceQuality "1"]

1. Nc3 d5 2. e4 dxe4 3. Nxe4 Bf5 4. Ng3 Bg6 5. Nf3 Nd7 6. Bc4 Ngf6 7. h4 h6 8. h5 Bh7 9. d3 e6 10. Qe2 Be7 11. Bd2 c5 12. Ne4 Qc7 13. Bc3 a6 14. a4 0-0 15. a5 Nd5 16. Bxd5 exd5 17. Ng3 Rae8 18. 0-0 Bd6 19. Qd2 d4 20. Nxd4 cxd4 21. Bxd4 Bxg3 22. fxg3 Qxg3 23. Rf3 Qg4 24. Bc3 Re6 25. Raf1 Qxh5 26. Rh3 Qg5 27. Qf2 Ne5 28. Rg3 Ng4 29. Qf3 h5 30. Rh3 Qe3+ 31. Qxe3 Rxe3 32. Rxh5 Bg6 33. Rg5 Nh6 34. Bd2 Re2 35. Bc1 Rxc2 36. Rd5 Rfc8 37. Be3 Nf5 38. Bg5 Rxb2 39. Rd7 Ng3 40. Rf2 Rxf2 41. Kxf2 Nf5 42. Rxb7 Rc2+ 43. Kg1 Nd4 44. Rb8+ Kh7 45. Ra8 Bxd3 46. Ra7 Kg6 47. Be3 Ne2+ 48. Kh2 Bb5 49. Re7 f6 50. Bb6 Nf4 51. Re4 Nxg2 52. Rg4+ Kf5 53. Rxg2 Rxg2+ 54. Kxg2 g5 55. Bc7 Kg4 56. Bd6 f5 57. Bc7 Bc6+ 58. Kf2 f4 59. Bd8 Kf5 60. Be7 Ke4 61. Bc5 g4 62. Bb6 g3+ 63. Kf1 Kf3 64. Bc7 Kg4 65. Kg1 f3 66. Bb6 Kf5 67. Kf1 Ke4 68. Ba7 Kd3 69. Bb6 Kc2 70. Ba7 Kb3 71. Bb6 Kb4 72. Kg1 f2+ 73. Kf1 Bb5+ 0-1

[Event "GER Cup Net V3 U2400"]
[Site "Playchess.com INT"]
[Date "2020.05.27"]
[Round "4"]
[White "Wehner, Roland"]
[Black "Huber, Philipp"]
[Result "0-1"]
[WhiteElo "2018"]
[BlackElo "2197"]
[PlyCount "158"]
[EventDate "2020.05.27"]
[EventType "swiss (blitz)"]
[EventRounds "9"]
[EventCountry "GER"]
[SourceTitle "EXT 2021"]
[Source "ChessBase"]
[SourceDate "2020.10.23"]
[SourceVersion "1"]
[SourceVersionDate "2020.10.23"]
[SourceQuality "1"]

1. Nf3 Nf6 2. e3 d6 3. d4 Nbd7 4. c4 e5 5. Nc3 g6 6. Be2 Bg7 7. 0-0 0-0 8. b4 a5 9. Qb3 axb4 10. Qxb4 exd4 11. exd4 c5 12. Qb5 Re8 13. Be3 Ng4 14. Nd5 Nxe3 15. fxe3 cxd4 16. exd4 Rxe2 17. c5 Raxa2 18. Rxa2 Rxa2 19. cxd6 Bf8 20. Qc4 Ra6 21. Ne7+ Bxe7 22. dxe7 Qe8 23. Ng5 Rf6 24. Re1 Nb6 25. Qb3 Bd7 26. Ne4 Re6 27. Kf2 Kg7 28. d5 Re5 29. d6 Bc6 30. Qxb6 Bxe4 31. Qd4 f6 32. Rxe4 Rf5+ 33. Rf4 Re5 34. Re4 Rf5+ 35. Kg1 Qb5 36. h3 Qf1+ 37. Kh2 Rg5 38. Rg4 Rxg4 39. hxg4 Qe1 40. Qd3 Qh4+ 41. Qh3 Qe1 42. Qd3 Qh4+ 43. Kg1 Qe1+ 44. Qf1 Qe3+ 45. Qf2 Qc1+ 46. Kh2 Qc6 47. Qe2 Kf7 48. Qd3 Ke8 49. Qd4 Kd7 50. Qxf6 Qe4 51. Qf7 Qe5+ 52. Kh3 Qe3+ 53. g3 Qh6+ 54. Kg2 Qd2+ 55. Kf3 Qd3+ 56. Kf2 Qd2+ 57. Kf3 Qd3+ 58. Kg2 Qd2+ 59. Qf2 Qxd6 60. Qf7 Qxe7 61. Qd5+ Kc8 62. Qc4+ Kb8 63. Qf4+ Qc7 64. Qf8+ Ka7 65. Qa3+ Kb6 66. Qb4+ Kc6 67. Qc4+ Kb6 68. Qb4+ Ka6 69. Qa3+ Qa5 70. Qd6+ b6 71. Qe7 Qd5+ 72. Kh3 h5 73. gxh5 Qxh5+ 74. Kg2 Qf5 75. Qa3+ Kb5 76. Qb3+ Kc6 77. Qc4+ Kd6 78. Qd4+ Qd5+ 79. Qxd5+ Kxd5 0-1

[Event "GER Cup Net V1 U2400"]
[Site "Playchess.com INT"]
[Date "2020.05.19"]
[Round "5"]
[White "Becker, Marcel"]
[Black "Wehner, Roland"]
[Result "0-1"]
[WhiteElo "2151"]
[BlackElo "1951"]
[PlyCount "70"]
[EventDate "2020.05.19"]
[EventType "swiss (blitz)"]
[EventRounds "9"]
[EventCountry "GER"]
[SourceTitle "EXT 2021"]
[Source "ChessBase"]
[SourceDate "2020.10.23"]
[SourceVersion "1"]
[SourceVersionDate "2020.10.23"]
[SourceQuality "1"]

1. d4 d6 2. c4 e5 3. Nf3 exd4 4. Nxd4 g6 5. Nc3 Bg7 6. e4 Nc6 7. Be3 Nf6 8. Be2 0-0 9. Nc2 Re8 10. f3 Be6 11. 0-0 a5 12. Rb1 Nb4 13. a3 Nxc2 14. Qxc2 c6 15. Rfd1 Qe7 16. b4 axb4 17. axb4 Nd7 18. Bd4 Ne5 19. Na4 Nxc4 20. Bxc4 Bxc4 21. Bxg7 Kxg7 22. Nb6 Bb5 23. Nxa8 Rxa8 24. Qc3+ Kg8 25. Qd4 Rd8 26. e5 d5 27. Rbc1 Ra8 28. f4 h5 29. Qc5 Qe6 30. Rd2 Qg4 31. Qc4 Bxc4 32. Rf2 Ra2 33. Rxa2 Bxa2 34. Rf1 Bc4 35. h3 Qe2 0-1

[Event "GER Cup Net V1 U2400"]
[Site "Playchess.com INT"]
[Date "2020.05.19"]
[Round "8"]
[White "Wehner, Roland"]
[Black "Reichel, Jonathan"]
[Result "1-0"]
[WhiteElo "1951"]
[BlackElo "1938"]
[PlyCount "51"]
[EventDate "2020.05.19"]
[EventType "swiss (blitz)"]
[EventRounds "9"]
[EventCountry "GER"]
[SourceTitle "EXT 2021"]
[Source "ChessBase"]
[SourceDate "2020.10.23"]
[SourceVersion "1"]
[SourceVersionDate "2020.10.23"]
[SourceQuality "1"]

1. e4 e5 2. Nf3 Nc6 3. Bc4 Bc5 4. c3 Nf6 5. d3 0-0 6. 0-0 d5 7. exd5 Nxd5 8. h3 Nb6 9. Bb5 Bd6 10. Re1 Ne7 11. Nbd2 Ng6 12. Nc4 Kh8 13. Nxb6 axb6 14. d4 exd4 15. Qxd4 f6 16. Be3 Ra5 17. a4 Bf5 18. Rad1 Qc8 19. Nh4 Bxh3 20. Nxg6+ hxg6 21. Qh4+ Kg8 22. Qxh3 Rd8 23. Bc4+ Kf8 24. Qh8+ Ke7 25. Qxg7+ Ke8 26. Qf7# 1-0